000 00822naa a22002297i 4500
001 232773
003 ES-MaBCM
005 20260331115917.0
008 260331s2026 sp ||||| |||| 00| 0 spa d
040 _cES-MaBCM
100 1 _aMorell Aldana, Laura Cristina
_9125901
245 1 0 _aAbordaje procesal penal de la delincuencia organizada
_cLaura Cristina Morell Aldana
504 _aIncluye referencias bibliográficas
504 _aIncluye relación de referencias jurisprudenciales
650 0 _aCrimen organizado
_9124860
650 7 _aInteligencia artificial
_960275
650 7 _aNueva tecnología
_960421
650 7 _aDerecho penal
_958346
650 7 _aDerecho procesal penal
_958355
773 0 _dLas Rozas, Madrid
_gN. 10912 (26 de marzo de 2026) - Loc. En línea
_tDiario La Ley
_w213918
942 _2udc
_cAREV
999 _c232773
_d232773